| 000 | 00325nam a2200121Ia 4500 | ||
|---|---|---|---|
| 008 | 190216s9999||||xx |||||||||||||| ||und|| | ||
| 100 | _aBanga T R
 Sharma S C | ||
| 245 | 0 | _aIndustrial Organization And Engineering Economics | |
| 260 |
_bKhanna Publishers _c1999 |
||
| 300 | _a1296 p | ||
| 650 | _aEconomics | ||
| 942 | _cBK | ||
| 999 |
_c10393 _d10393 |
||